Economic Research

Saved in:
Bibliographic Details
Format: Serial
Language:English
Published: Pula Juraj Dobrila University of Pula 2021
Tags: Add Tag
No Tags, Be the first to tag this record!

MARC

LEADER 00000nas2a2200000 4500
001 0288515
005 20240821092740.5
022 |a 1331-677X 
041 0 |a eng 
044 |a HR 
245 1 0 |a Economic Research 
264 1 |a Pula  |b Juraj Dobrila University of Pula  |c 2021 
773 0 |w eu_un_cat*0175938 
774 0 |w eu_un_cat*0303710